000 00270nam a22001217a 4500
008 170221b xxu||||| |||| 00| 0 eng d
041 _aeng
080 _235TH
_a615
100 _a5
101 _aSHF
245 _aPHYSICIANS' DESK REFERENCE
_cLEVINE, J.M
942 _2udc
_cBK
999 _c5969
_d5969